Brand now : how to stand out in a crowded, distracted world

Bibliographic Details
Main Author: Westergaard, Nick
Format: Book
Published: New York : AMACOM , 2018
Subjects:

MARC

LEADER 00000cam a2200000 7i4500
001 0000231314
005 20200121085349.0
020 |a 9780814439227 
090 0 0 |a 658.827   |b WES 
100 1 |a Westergaard, Nick 
245 1 0 |a Brand now :   |b how to stand out in a crowded, distracted world   |c by Nick Westergaard 
260 |a New York :   |b AMACOM ,   |c 2018 
300 |a 204p. ;   |c 22cm. 
650 0 |a Branding (Marketing) 
999 |a 00365575   |b BUKU   |c PINJAMAN   |e PERPUSTAKAAN KOMUNITI PETALING JAYA